000 00838cam a2200205 a 4500
001 000020184
003 UkOxU
005 20200929170314.0
008 920114s1983 cu b 000 m spa d
040 _aDO-SdBNP
_bspa
_cDLC
_dBNPHU
082 _aCu860.97291
_bP438h
245 0 0 _aPerfil histórico de las letras cubanas :
_bdesde los orígenes hasta 1898 /
_cInstituto de Literatura y Lingüística de la Academia de Ciencias de Cuba.
260 _aLa Habana, (Cuba) :
_bEditorial Letras Cubanas,
_c1983.
300 _a501 p. ;
_c24 cm.
504 _aIncluye referencias bibliográficas: p. 473-501
650 4 _aLiteratura cubana
_xHistoria y crítica
_95687
651 4 _aCuba
_xVida Intelectual
_95688
710 2 _aInstituto de Literatura y Lingüística (Academia de Ciencias de Cuba).
_935428
910 _aCatalogación derivada /Oxford
999 _c19691
_d19691